| 000 | 00759nam a2200229 a 4500 | ||
|---|---|---|---|
| 003 | MX-MxUPN | ||
| 005 | 20240810063813.0 | ||
| 008 | 030117s1948 mx r 000 0 spa d | ||
| 035 | _aUPN01000121428 | ||
| 040 |
_aMX-MxUPN _bspa _cMX-MxUPN |
||
| 041 | 0 | _aspa | |
| 050 | 1 | 4 |
_aPQ7297 M642 _bC37 |
| 100 | 1 |
_aMonterde, Francisco, _d1894-1985 _929349 |
|
| 245 | 1 | 3 |
_aLa careta de cristal : _bcomedia de tres actos |
| 260 |
_aMéxico : _bSociedad General de Autores de México, _c1948. |
||
| 300 | _a52 páginas | ||
| 490 | 0 |
_aTeatro mexicano contemporáneo ; _v9 |
|
| 650 | 4 |
_aTeatro mexicano _ySiglo XX _914583 |
|
| 710 | 2 |
_aInstituto Federal de Capacitación del Magisterio (México) _928505 _epropietario anterior |
|
| 902 | _aMEEG/cps | ||
| 942 |
_2lcc _cLIBRO |
||
| 999 |
_c93677 _d93677 |
||